| 000 | 00467 a2200157 4500 | ||
|---|---|---|---|
| 005 | 20250624093302.0 | ||
| 020 | _a978-0-273-75075-8 | ||
| 082 | _a650.072SAU | ||
| 100 | _aSAUNDERS. M. | ||
| 245 | _aResearch Methods for Business Students | ||
| 250 | _a6th Ed. | ||
| 260 |
_aLondon, _bLEWIS. P, _c2012. |
||
| 300 |
_axxxi, 696p,; ill, figure, table & picture _bAppendix, Bibliography, Glossary & Index _c26.5cm |
||
| 700 | _aLEWIS. P & THORNHILL. A. | ||
| 942 |
_2ddc _cBKS |
||
| 999 |
_c4794 _d4794 |
||